000 00434nam a2200169Ia 4500
005 20250423100157.0
008 250422s9999 xx 000 0 und d
020 _a9753152108
100 _aDorduncu, Mehmet Bahadir
245 0 _aMekketul mukerreme el medinetul munevvere
260 _aIstanbul
260 _bDar al-Nile
260 _c2009
300 _a135 p
650 _aMekketul Mukerreme Medinetul Munevvere
942 _cBK
999 _c32509
_d32509